<?xml version="1.0" encoding="UTF-8"?>
<collection xmlns="http://www.loc.gov/MARC21/slim">
 <record>
  <leader>00386pamaa2200133   4500</leader>
  <controlfield tag="001">0000024687</controlfield>
  <controlfield tag="005">20061123090000.0</controlfield>
  <datafield tag="020" ind1="0" ind2="0">
   <subfield code="a">156184022X </subfield>
  </datafield>
  <datafield tag="090" ind1="0" ind2="0">
   <subfield code="a">PS3569.A35 </subfield>
   <subfield code="b">SAA 1992</subfield>
  </datafield>
  <datafield tag="100" ind1="1" ind2="0">
   <subfield code="a">SAALMAN </subfield>
  </datafield>
  <datafield tag="245" ind1="1" ind2="4">
   <subfield code="a">The Illuminati of immortality : </subfield>
   <subfield code="b">alchemy, dreams and the cybersonic quest  </subfield>
   <subfield code="c">Wayne Saalman.</subfield>
  </datafield>
  <datafield tag="260" ind1="0" ind2="0">
   <subfield code="a">Arizona: </subfield>
   <subfield code="b">New Falcon Pub., </subfield>
   <subfield code="c">1992.</subfield>
  </datafield>
  <datafield tag="300" ind1=" " ind2=" ">
   <subfield code="a">293p.; </subfield>
   <subfield code="c">23cm.</subfield>
  </datafield>
  <datafield tag="650" ind1="0" ind2="0">
   <subfield code="a">Fiction </subfield>
  </datafield>
 </record>
</collection>
